| 000 | 00429nam a2200181Ia 4500 | ||
|---|---|---|---|
| 001 | 10285 | ||
| 005 | 20260306161821.0 | ||
| 008 | 260306t1990||||xx |||||||||||||| ||spa|| | ||
| 041 | _aESP | ||
| 082 |
_a914.63 _bJ89 |
||
| 100 |
_aJunta de Castilla y León _eAUT |
||
| 245 | 0 | _aLibro de Castilla y León | |
| 260 | _c1990 | ||
| 300 |
_a192 páginas : _c31 cm. |
||
| 650 | _aGEN | ||
| 654 | _aCHU | ||
| 942 |
_cLIB _dJUS _fJUS _2ddc _n |
||
| 999 |
_c10285 _d10285 |
||